Na prahu novej sezóny

Bibliographic Details
Format: Article
Language:Slovak
Subjects:

MARC

LEADER 00000nab a2200000 a 4500
001 vtls009944713
003 SK-MaSNL
005 20260426085558.0
008 250507|1957 xo |||||||||||1|| b|slo
015 |a SNBRA2009/08  |2 snkbucl 
035 |a urn:nbn:sk:snk-ab7qgc 
035 |a (urnnbn)urn:nbn:sk:snk:ar-001o0m 
035 |a (uuid)c5880f62-9d01-4f8c-a844-f784a4267045 
038 |a SNKBUCL 
040 |a SNKBUCL  |b slo  |c SNKBUCL  |e AACR2 
041 0 |a slo 
044 |a xo  |c SK 
080 |a 78.082.4  |x (437.6)  |x "1957/1958"  |2 (2001 
080 |a 78.079  |x (437.6)  |x "1957/1958"  |2 2001 
245 0 0 |a Na prahu novej sezóny 
648 7 |a 1957/1958  |2 snkbucl  |9 1483417 
650 0 7 |a hudba  |2 snkbucl  |9 1063 
650 0 7 |a hudobné podujatia  |2 snkbucl  |9 354698 
650 0 7 |a koncerty  |2 snkbucl  |9 19182 
651 7 |a Slovensko  |2 snkbucl  |9 14231 
773 0 |t Slovenská hudba  |g Roč. I, č. 7 (1957), s. 193-195 
850 |a Slovenská národná knižnica 
852 |a Slovenská národná knižnica 
954 |a odborná, vedecká literatúra pôvodná (slovenská)  |2 lita 
958 |a article9 
958 |a OND 
958 |a EUIPO 
999 |c 2967739  |d 2969669